1994/95 Premier League Table - Statistics

General Stats
  • This quiz has been taken 12 times
  • The average score is 19 of 22
Answer Stats
PTS W D L Club % Correct
51 13 12 17 Arsenal
100%
54 13 15 14 Chelsea
100%
88 26 10 6 Manchester United
100%
48 11 15 16 Aston Villa
90%
89 27 8 7 Blackburn Rovers
90%
45 11 12 19 Crystal Palace
90%
50 11 17 14 Everton
90%
27 7 6 29 Ipswich Town
90%
73 20 13 9 Leeds United
90%
29 6 11 25 Leicester City
90%
74 21 11 10 Liverpool
90%
49 12 13 17 Manchester City
90%
77 22 11 9 Nottingham Forest
90%
51 13 12 17 Sheffield Wednesday
90%
50 13 11 18 West Ham United
90%
50 12 14 16 Coventry City
80%
72 20 12 10 Newcastle United
80%
43 10 13 19 Norwich City
80%
54 12 18 12 Southampton
80%
62 16 14 12 Tottenham Hotspur
80%
60 17 9 16 Queens Park Rangers
70%
56 15 11 16 Wimbledon
70%
No matching quizzes found
Score Distribution
Percent of People with Each Score
Percentile by Number Answered
Your Score History
You have not taken this quiz